000 00350nam a2200145Ia 4500
008 151213s9999 xx 000 0 und d
100 _aDiana Hopkins
245 _aPassport to IELTS
_cDiana Hopkins
260 _bLongman
300 _a1178 p.
650 _aEnglish Language
650 _aEnglish Lenguage
700 _aDiana Hopkins
999 _c1055
_d1055